Mechanical properties of polymers and composites /

Guardado en:
Autor Principal: Nielsen, Lawrence E.
Otros Autores: Landel, Robert F.
Formato: Libro
Idioma:English
Publicado: New York : M. Dekker, c1994.
Edición:2nd ed., rev. and expanded.
Series:Mechanical engineering (Marcel Dekker, Inc.) ; 90.
Materias:
Acceso en línea:Descripción
Etiquetas: Agregar Etiqueta
Sin Etiquetas, Sea el primero en etiquetar este registro!
LEADER 01159cam a22002895a 4500
001 EIQ.libpla001151
008 930924s1994####nyua#####b####001#0#eng#d
005 20060810151325.0
245 1 0 |a Mechanical properties of polymers and composites /  |c Lawrence E. Nielsen, Robert F. Landel. 
250 |a 2nd ed., rev. and expanded. 
260 |a New York :  |b M. Dekker,  |c c1994. 
300 |a xiii, 557 p. :  |b il. ;  |c 24 cm. 
490 1 |a Mechanical engineering ;  |v 90 
504 |a Incluye referencias bibliográficas e índice. 
020 |a 0824789644 (acid-free paper) 
100 1 |a Nielsen, Lawrence E. 
700 1 |a Landel, Robert F. 
830 0 |a Mechanical engineering (Marcel Dekker, Inc.) ;  |v 90. 
082 0 0 |a 620.1/9204292  |2 20 
650 4 |a Polímeros  |x Propiedades mecánicas. 
650 4 |a Compuestos poliméricos  |x Propiedades mecánicas. 
650 0 |a Polymers  |x Mechanical properties. 
650 0 |a Polymeric composites  |x Mechanical properties. 
010 |a  93038084  
040 |a DLC  |c DLC  |d AR-BbSID 
856 4 2 |3 Descripción  |u http://www.loc.gov/catdir/enhancements/fy0647/93038084-d.html 
859 |a AR-BbSID  |b BIB. PLAPIQUI  |h 620.192 042 92  |i N 564  |p 4394